| 000 | 00872cam a2200145ua 4500 | ||
|---|---|---|---|
| 041 |
_aeng _h |
||
| 082 |
_a631.313 _bIND/TE |
||
| 110 | 1 |
_aIndian standards institution . _bISI _c() |
|
| 245 | 0 | 0 |
_aTest code for disc harrows,IS:7640-1975 / _cIndian standards institution. _hTextual Documents |
| 260 |
_a : _bISI , _c1975. |
||
| 300 | _a17 ; . | ||
| 504 | _a | ||
| 942 | _cBK | ||
| 999 |
_c4196 _d4196 |
||